| 000 | 00372nam a22001577a 4500 | ||
|---|---|---|---|
| 005 | 20260402113047.0 | ||
| 008 | 260402b |||||||| |||| 00| 0 eng d | ||
| 041 | _aEnglish | ||
| 082 | _a346.066 GAR | ||
| 100 | _aGara, Ajay Kumar | ||
| 245 | _aCompany Law | ||
| 260 |
_aNew Delhi: _b Nabhi Publication, _c2016. |
||
| 300 | _a413 p | ||
| 650 | _aCompany Law | ||
| 942 | _cDB | ||
| 999 |
_c9581 _d9581 |
||